Entry Nombre personal
001 - NÚMERO DE CONTROL
- campo de control: 114315
003 - IDENTIFICADOR DE NÚMERO DE CONTROL
- campo de control: SpMaBN
005 - FECHA Y HORA DE LA ÚLTIMA TRANSACCIÓN
- campo de control: 20231204202146.0
008 - ELEMENTOS DE DATO DE LONGITUD-FIJA
- campo de control de longitud fija: 911226nn ainnnaabn n aac d
016 ## - NÚMERO DE CONTROL DE UNA AGENCIA BIBLIOGRÁFICA NACIONAL
- Número de control del registro: BNE19932774752
040 ## - FUENTE DE CATALOGACIÓN
- Centro catalogador/agencia de origen: SpMaBN
- Lengua de catalogación: spa
- Centro/agencia transcriptor: SpMaBN
- Normas de descripción: rdc
- Convención/Normas de encabezamiento de materia/tesauro: embne
100 1# - ENCABEZAMIENTO-NOMBRE DE PERSONA
- Nombre de persona: Vicens de la Llave, Juan,
- Fechas asociadas al nombre: 1895-1959
373 ## - GRUPO ASOCIADO
- Grupo asociado: Ateneo de Madrid
- Fuente de información: Cargos históricos del Ateneo de Madrid 1835-1936 (Archivo del Ateneo)
375 ## - GÉNERO/SEXO
- Género: Masculino
400 1# - TRAZADO DE VÉASE--NOMBRE DE PERSONA
- Nombre de persona: Vicens de Lallave, Juan,
- Fechas asociadas al nombre: 1895-1959
400 1# - TRAZADO DE VÉASE--NOMBRE DE PERSONA
- Nombre de persona: Vicens Lallave, Juan,
- Fechas asociadas al nombre: 1895-1959
670 ## - FUENTE DE DATOS ENCONTRADOS
- Cita de la fuente: Diccionario biobibliográfico de los escritores, editoriales y revistas del exilio republicano de 1939, 2016, v. 4, p. 558-559
- Información encontrada: (Juan Vicens de la Llave, Zaragoza, 1895- Peking, 1950, bibliotecario, exiliado en México y en China)
670 ## - FUENTE DE DATOS ENCONTRADOS
- Cita de la fuente: Escalafón del Cuerpo Facultativo de Archiveros, Bibliotecarios y Arqueólogos, totalizado en 31 de octubre de 1935, p. 44-45
- Información encontrada: (Juan Vicens de la LLave, doctor en Filosofía y Letras, sección Historia, n. el 26-8-1895, bibliotecario desde 1935)
670 ## - FUENTE DE DATOS ENCONTRADOS
- Cita de la fuente: Biblioteca en guerra : [Madrid, 15 de noviembre de 2005, 19 de febrero de 2006], 2005, p. 66-67
- Información encontrada: (Juan Vicens, Zaragoza, 1895 - Peking, 1959)
678 ## - DATOS BIOGRÁFICOS O HISTÓRICOS
- Datos biográficos o históricos: Socio del Ateneo de Madrid. Secretario primero de la Sección de Ciencias Históricas en 1935-36
- Ampliación de la nota: Fuente: Cargos históricos del Ateneo de Madrid 1835-1936 (Archivo del Ateneo)
